000 01294nam a2200325 i 4500
001 196656
003 ES-MaACL
005 20260216183929.0
008 241015b2024 sp ||||| |||| 00| 0 spa d
017 _aCC 000180-2024
_bOficina Depósito Legal Cáceres
020 _a97884129192219
040 _bspa
_cES-MaACL
245 _aDiego García de Paredes :
_bVida y hazañas del fundador de Trujillo (Venezuela) /
_cJosé Antonio Ramos Rubio, Raúl Gómez Ferreira
260 _aCáceres :
_bTau editores,
_c2024
264 _a©2024
300 _a120 paginas ;
_c23 cm
336 _2rdacontent
_atexto
337 _2rdamedia
_asin mediación
338 _2rdacarrier
_avolumen
600 1 4 _9174378
_aGarcía de Paredes, Diego,
_d1466-1530
651 4 _aTrujillo (Venezuela)-
_xHistoria
_9241363
700 1 _aRamos Rubio, José Antonio,
_d1963-
_eaut
_9174430
700 1 _9236629
_aGómez Ferreira, Raúl
_eaut
852 _aES-MaACL
_jN-10168
_hDonación: José Antonio Ramos Rubio
_xEncuadernación rústica
_cDEPOJ
_9206295
903 _aRamos Rubio, José Antonio,
_d1963-
_ednr
_9174430
942 _cMONOGRAFIA
_n0
999 _c196656
_d196656